Frogs! / (Record no. 241)

MARC details
000 -LEADER
fixed length control field 00870nam a22002777a 4500
001 - CONTROL NUMBER
control field 241
003 - CONTROL NUMBER IDENTIFIER
control field FISKH
005 - DATE AND TIME OF LATEST TRANSACTION
control field 20230309121648.0
008 - FIXED-LENGTH DATA ELEMENTS--GENERAL INFORMATION
fixed length control field 230309b cb ||||| |||| 00| 0 eng d
040 ## - CATALOGING SOURCE
Original cataloging agency DLC
Transcribing agency DLC
Modifying agency DLC
-- FISKH
Language of cataloging eng
050 00 - LIBRARY OF CONGRESS CALL NUMBER
Classification number QL668.E2
Item number C346 2009
082 00 - DEWEY DECIMAL CLASSIFICATION NUMBER
Classification number 597.8/9
Edition number 22
100 1# - MAIN ENTRY--PERSONAL NAME
Personal name Carney, Elizabeth,
Dates associated with a name 1981-
245 10 - TITLE STATEMENT
Title Frogs! /
Statement of responsibility, etc. Elizabeth Carney.
260 ## - PUBLICATION, DISTRIBUTION, ETC.
Place of publication, distribution, etc. Washington, D.C.
Name of publisher, distributor, etc. National Geographic
Date of publication, distribution, etc. 2009
300 ## - PHYSICAL DESCRIPTION
Extent 32 p. :
Other physical details col. ill. ;
Dimensions 23 cm.
490 0# - SERIES STATEMENT
Series statement National Geographic science readers. Level 1
490 0# - SERIES STATEMENT
Series statement National Geographic kids
505 ## - FORMATTED CONTENTS NOTE
Formatted contents note H
521 8# - TARGET AUDIENCE NOTE
Target audience note 480 <br/>
Source Lexile
521 8# - TARGET AUDIENCE NOTE
Target audience note H <br/>
Source Raz-Plus
650 #0 - SUBJECT ADDED ENTRY--TOPICAL TERM
Topical term or geographic name entry element Frogs
Form subdivision Juvenile literature.
856 41 - ELECTRONIC LOCATION AND ACCESS
Materials specified Table of contents only
Uniform Resource Identifier <a href="http://www.loc.gov/catdir/toc/ecip0814/2008014028.html">http://www.loc.gov/catdir/toc/ecip0814/2008014028.html</a>
906 ## - LOCAL DATA ELEMENT F, LDF (RLIN)
a 7
b cbc
c orignew
d 1
e ecip
f 20
g y-gencatlg
942 ## - ADDED ENTRY ELEMENTS (KOHA)
Source of classification or shelving scheme Dewey Decimal Classification
Koha item type Books
Suppress in OPAC No
Holdings
Withdrawn status Lost status Source of classification or shelving scheme Damaged status Not for loan Collection Home library Current library Date acquired Total Checkouts Full call number Barcode Date last seen Date last checked out Copy number Price effective from Koha item type
    Dewey Decimal Classification     Non-Fiction Footprints International School Library Network Toul Kork Campus Footprints International School Library Network Toul Kork Campus 03/09/2023 6 CAR 597.89 QL668.E2 FISBK02620 12/04/2025 11/27/2025 1 03/09/2023 Books
    Dewey Decimal Classification     Non-Fiction Footprints International School Library Network Toul Kork Campus Footprints International School Library Network Toul Kork Campus 03/09/2023 7 CAR 597.89 QL668.E2 FISBK02619 12/18/2025 10/09/2025 2 03/09/2023 Books